Advertising/ (Record no. 49568)

MARC details
000 -LEADER
fixed length control field 00379nam a22001457a 4500
008 - FIXED-LENGTH DATA ELEMENTS--GENERAL INFORMATION
fixed length control field 170321b xxu||||| |||| 00| 0 eng d
020 ## - INTERNATIONAL STANDARD BOOK NUMBER
International Standard Book Number 9781583402559
050 ## - LIBRARY OF CONGRESS CALL NUMBER
Classification number HF 5829
Item number .P48 2003
100 ## - MAIN ENTRY--PERSONAL NAME
Personal name Petley,Julian
245 ## - TITLE STATEMENT
Title Advertising/
Statement of responsibility, etc Julian Petley
260 ## - PUBLICATION, DISTRIBUTION, ETC. (IMPRINT)
Place of publication, distribution, etc USA
Name of publisher, distributor, etc Smart Apple Media
Date of publication, distribution, etc 2003
300 ## - PHYSICAL DESCRIPTION
Extent 64p
500 ## - GENERAL NOTE
General note inludes glossary and index
942 ## - ADDED ENTRY ELEMENTS (KOHA)
Source of classification or shelving scheme Library of Congress Classification
Item type Book
Holdings
Withdrawn status Lost status Source of classification or shelving scheme Damaged status Not for loan Collection code Home library Current library Shelving location Date acquired Source of acquisition Cost, normal purchase price Full call number Barcode Copy number Price effective from Koha item type
    Library of Congress Classification     Non-fiction Nairobi Campus Nairobi Campus General Circulation 21/03/2017 Donation-BFA 1000.00 HF 5829 .P48 2003 052054 1 21/03/2017 Book